Texto y Comentario del Codigo Penal Chileno Tomo I Libro Primero

Detalles Bibliográficos
Otros Autores: Politoff L., Sergio, Ortiz Q., Luis
Formato: eBook
Lenguaje:español
Publicado: [Chile] : Editorial jurd̕ica de Chile, 2008
Colección:Tratados
Materias:
Acceso en línea:Acceso restringido

MARC

LEADER 00000nam a22000007a 4500
005 20111025151327.0
008 111025s2009 cl |||||s|||| 00||0 spa d
020 |a 956-10-1393-2 
035 |a 5856 
040 |a vLex 
090 |c 2714  |d 2714 
245 0 0 |a Texto y Comentario del Codigo Penal Chileno  |h [Recurso electrn̤ico] /  |c Jean Pierre Matus Acuą  |n Tomo I  |p Libro Primero 
256 |a Servicio en ln̕ea. 
260 |a [Chile] :  |b Editorial jurd̕ica de Chile,  |c 2008 
300 |a 1 recurso electrn̤ico 
490 0 |a Tratados 
500 |a Arts. 1ð a 4ð, Juan Bustos R. – Felipe Caballero; Arts. 5ð a 9ð, Sergio Politoff L. – Jean Pierre Matus A.; Comentario preliminar al art. 10, Sergio Politoff L.; Art. 10 Nð 1ð, Jaime Nq̀uira R.; Art. 10 Nos 2ð y 3ð, Miguel Cillero B.; Art. 10 Nos 4ð a 7ð, Sergio Politoff L. – Jean Pierre Matus A.; Art. 10 Nos 8ð y 9ð, Jaime Nq̀uira R.; Art. 10 Nð 10, Sergio Politoff L. – Jean Pierre Matus A.; Art. 10 Nos 12 y 13, Jaime Nq̀uira R.; Art. 11, Jean Pierre Matus A.; Arts. 12 y 13, Carlos Künsemüller; Arts. 14 a 17, Enrique Cury U. – Jean Pierre Matus A.; Comentario preliminar. El sistema de penas chileno, Sergio Politoff L. – Jean Pierre Matus A.; Arts. 18 a 49, Sergio Politoff L. – Jean Pierre Matus A.; Arts. 50 a 73, Jean Pierre Matus A. – Alex van Weezel; Arts. 74 a 89, Jean Pierre Matus A.; Arts. 90 a 92, Carlos Künsemüller; Arts. 93 a 105, Jos ̌Luis Guzmǹ D. 
506 1 |a Contenido solo disponible en los productos indicados  |d vLex Global  |d vLex Global (Academic Edition, excluding Law Schools)  |d vLex Global (U.S. Academic Edition, Law Schools)  |d vLex Global (U.S. Academic Edition, excluding Law Schools)  |d vLex Global (Academic Edition, Law Schools) 
650 0 4 |a Cd̤igo Penal  |z Chile 
700 1 |a Politoff L., Sergio 
700 1 |a Ortiz Q., Luis 
740 0 |a vLex Libros (Servicio en ln̕ea) 
856 4 0 |u http://vlex.com/source/texto-comentario-codigo-penal-chileno-tomo-i-5856  |z Acceso restringido 
942 |c BOOK